| 000 | 00714nam a2200193 i 4500 | ||
|---|---|---|---|
| 001 | 22276 | ||
| 003 | ES-MaACL | ||
| 005 | 20230906152649.0 | ||
| 007 | t| | ||
| 008 | 021202s1965 sp af |||| | spa d | ||
| 100 | 1 |
_aAlicart Garces, Federico. _9186618 |
|
| 245 | 1 | 3 |
_aEl cálculo electrónico analógico / _cFederico Alicart Garces. |
| 260 |
_aMadrid : _bCentro de Estudios y Experimentación de Obras Públicas, Gabinete de Cálculo, _c1965. |
||
| 300 |
_a51 p., 2 lám. : _bil. ; _c24 cm. |
||
| 650 | 0 | 4 |
_aOrdenadores analógicos electrónicos. _9168587 |
| 710 | 2 |
_aCentro de Estudios y Experimentación de Obras Públicas. _bGabinete de Cálculo. _92686 |
|
| 852 |
_aES-MaACL _jC-46754 |
||
| 999 |
_c22276 _d22276 |
||